000
00260nam a2200085Ia 4500
008
230915s9999 xx 000 0 und d
100
_a
SARKAR, SUDIPTO
245
0
_a
LAW OF EVIDENCE: IN INDIA, PAKISTAN, BANGLADESH, BURMA, CEYLON, MALAYSIA & SINGAPORE
942
_c
BK
999
_c
60516
_d
60516